Establishing the status of funds and employees of the midshipmen's tailor shop at the United States Naval Academy.

Bibliographic Details
Corporate Authors: United States. Congress. House, ProQuest (Firm), United States. Congress. House. Committee on Naval Affairs
Format: eBook
Language:English
Published: Washington : [publisher not identified], 1945.
Series:United States congressional serial set.
Subjects:
Online Access:Connect to the full text of this electronic book

MARC

Tag First Indicator Second Indicator Subfields
LEADER 00000cam a22000001a 4500
001 in00003091421
005 20190403174531.0
006 m o d
007 cr un mmmapmmp
008 080308s1945 dcu o f000 0 eng d
035 |a cis2004221606 
040 |a UMI  |c UMI  |d UtOrBLW 
043 |a n-us--- 
099 |a ProQuest Serial Set Number 10936 H.rp.1199 
110 1 |a United States.  |b Congress.  |b House. 
245 1 0 |a Establishing the status of funds and employees of the midshipmen's tailor shop at the United States Naval Academy. 
246 1 |a Establishing status of funds and employees of midshipmen's tailor shop at Naval Academy 
264 1 |a Washington :  |b [publisher not identified],  |c 1945. 
300 |a 1 online resource. 
336 |a text  |b txt  |2 rdacontent 
337 |a computer  |b c  |2 rdamedia 
338 |a online resource  |b cr  |2 rdacarrier 
490 0 |a H.rp.1199 
500 |a Record is based on bibliographic data in ProQuest U.S. Serial Set Digital Collection (last viewed Mar. 2008). Reuse except for individual research requires license from ProQuest, LLC. 
510 3 |a ProQuest U.S. Serial Set Digital Collection 
500 |a Electronic resource. 
610 1 0 |a United States.  |b Navy Department. 
610 2 0 |a United States Naval Academy. 
650 0 |a Expenditures, Public. 
655 7 |a Electronic books.  |2 local 
710 2 |a ProQuest (Firm) 
710 1 |a United States.  |b Congress.  |b House.  |b Committee on Naval Affairs. 
830 0 |a United States congressional serial set. 
856 4 0 |u http://proxy.library.tamu.edu/login?url=http://congressional.proquest.com/congcomp/getdoc?SERIAL-SET-ID=10936+H.rp.1199  |z Connect to the full text of this electronic book  |t 0 
999 |a MARS 
999 f f |s 44a29ad4-73b7-37fe-bb87-9b1f3927ef7c  |i 9c320ed5-d6f5-36f2-9715-39767614feef  |t 0 
952 f f |a Texas A&M University  |b College Station  |c Electronic Resources  |d Available Online  |t 0  |e ProQuest Serial Set Number 10936 H.rp.1199  |h Other scheme 
998 f f |a ProQuest Serial Set Number 10936 H.rp.1199  |t 0  |l Available Online